Mi Simón Bolívar (Registro nro. 2043)

Detalles MARC
000 -ENCABEZADO
Número de control [NR] 00827nam a2200229Ia 4500
008 - DE LONGITUD FIJA DE DATOS DE ELEMENTOS - INFORMACIÓN GENERAL
Elementos de longitud fija [NR] 130821s1993 ck gr spa
020 ## - NUMERO INTERNACIONAL NORMALIZADO PARA LIBROS [R]
Número Internacional Normalizado del libro [NR] 9589127401
040 ## - FUENTE DE CATALOGACION [NR]
Agencia de catalogación original [NR] Co-BoUCM
Idioma de catalogación [NR] spa
041 ## - CODIGO DE IDIOMA [R]
Código de idioma para texto/pista de sonido o título separado [R] Español
100 ## - ASIENTO PRINCIPAL--NOMBRE PERSONAL [NR]
Nombre personal [NR] Gonzalez, Fernando
ID Autoridad 1791
245 ## - MENCION DE TITULO [NR]
Título [NR] Mi Simón Bolívar
Mención de responsabilidad, etc. [NR] Fernando González
250 ## - MENCION DE EDICION [NR]
Mención de edición [NR] 5a. ed.
260 ## - PUBLICACION, DISTRIBUCION, ETC. (PIE DE IMPRENTA) [R]
Lugar de publicación, distribución, etc. [R] Medellín (Antioquia, Colombia)
Nombre del editor, distribuidor, etc. [R] Universidad Pontificia Bolivariana
Fecha de publicación, distribución, etc. [R] 1993
300 ## - DESCRIPCION FISICA [R]
Extensión [R] 264 páginas
504 ## - NOTA DE BIBLIOGRAFIA, ETC. [R]
Nota de bibliografía, etc. [NR]
600 ## - ASIENTO SECUNDARIO DE MATERIA - NOMBRE PERSONAL [R]
Nombre personal [NR] Bolívar, Simón
Fechas asociadas con el nombre [NR] 1783-1830
Subdivisión de forma [R] Anécdotas, chistes, sátiras, etc.
9 (RLIN) 154908
600 ## - ASIENTO SECUNDARIO DE MATERIA - NOMBRE PERSONAL [R]
Nombre personal [NR] Bolívar, Simón
Fechas asociadas con el nombre [NR] 1783-1830
Subdivisión de forma [R] Biografías
9 (RLIN) 38579
600 ## - ASIENTO SECUNDARIO DE MATERIA - NOMBRE PERSONAL [R]
Nombre personal [NR] Bolívar, Simón
Fechas asociadas con el nombre [NR] 1783-1830
Subdivisión general [R] Política
9 (RLIN) 154909
600 ## - ASIENTO SECUNDARIO DE MATERIA - NOMBRE PERSONAL [R]
Nombre personal [NR] Ochoa, Lucas
Subdivisión de forma [R] Biografías
9 (RLIN) 154910
942 ## - ELEMENTOS DE ENTRADA AGREGADOS (KOHA)
Tipo de ítem principal el descrito en 300a Libro
Tema principal Historia
Edición 5
Parte restante de la signatura top. G65
Sistema de clasificación DEWEY
Clasificación 987.041
Existencias
Fecha de último préstamo Total préstamos Signatura topográfica Código de barras Última vez visto Volúmen / Fascículo Ejemplar Price effective from Tipo de ítem Perdido Sistema de clasificación Dañado No prestable Tipo de ítem específico Suprimido Ubicación habitual Ubicación actual Localización Fecha de creación Forma de adquisición Costo
22/03/2018 9 987.041 G65 100032409 09/12/2025 5A. ED. Ej.1 03/02/2013 Libro   DEWEY     Libro   Claustro Claustro 2do piso 28/02/2003 Compra 7900.00